Miller's comprehensive GAAP guide 1986
| Main Author: | |
|---|---|
| Format: | Book |
| Published: |
San Diego, Calif. :
Harcourt Brace Jovanovich ,
1986
|
| Subjects: |
MARC
| LEADER | 00000cam a2200000 7i4500 | ||
|---|---|---|---|
| 001 | 0000005227 | ||
| 005 | 20180828093000.0 | ||
| 008 | 021118n | ||
| 020 | |a 07348355 | ||
| 090 | 0 | 0 | |a HF5635 |b .M5 1986 |
| 100 | 0 | |a Miller, Martin A. , |d 1929- , |e author | |
| 245 | 0 | 0 | |a Miller's comprehensive GAAP guide 1986 |c Martin A. Miller |
| 260 | 2 | |a San Diego, Calif. : |b Harcourt Brace Jovanovich , |c 1986 | |
| 300 | |a 1 v. (various pagings) ; ; |c 21 cm. | ||
| 504 | |a Includes index | ||
| 650 | 0 | |a Accounting | |
| 999 | |a 1000037003 |b Book |c Reference |e Gong Badak Campus | ||